| 000 | 01555cam a2200421Ka 4500 | ||
|---|---|---|---|
| 001 | 95380 | ||
| 005 | 20230410143536.0 | ||
| 008 | 020411s2001 mx b 001 0dspa d | ||
| 035 | _a(OCoLC)ocm49562593 | ||
| 040 |
_aUBP _bspa _cUBP _dOCLCQ _dBAKER _dBTCTA _dYDXCP |
||
| 020 | _a9688534668 | ||
| 020 | _a9789688534663 | ||
| 035 | _a(OCoLC)49562593 | ||
| 043 | _an-mx--- | ||
| 050 | 1 | 4 |
_aT 24 _bY43c 2001 |
| 049 | _aGRAL | ||
| 100 | 1 |
_aYehya, Naief, _d1963- |
|
| 245 | 1 | 3 |
_aEl cuerpo transformado : _bcyborgs y nuestra descendencia tencológica en la realidad y en la ciencia ficción / _cNaief Yehya. |
| 246 | 3 | 0 | _aCyborgs y nuestra descendencia tencológica en la realidad y en la ciencia ficción |
| 260 |
_aMéxico : _bEditorial Paidós Mexicana, _c2001. |
||
| 300 |
_a229 p. ; _c21 cm. |
||
| 440 | 0 |
_aPaidós Amateurs; _v3. |
|
| 504 | _aIncludes bibliographical references (p. [223]-229) and index | ||
| 650 | 4 | _aCyborgs. | |
| 650 | 0 |
_aTechnology _xSocial aspects _zMexico _xHistory _y20th century. |
|
| 650 | 0 |
_aPopular culture _zMexico _xHistory _y20th century |
|
| 650 | 0 | _aCibernética | |
| 650 | 0 |
_aTecnología _xAspectos Social _zMexico _xHistoria _ySiglo XX |
|
| 650 | 0 |
_aCultura popular _zMexico _xHistoria _ySiglo XX |
|
| 650 | 4 | _aCES | |
| 650 | 4 | _aColección Enriquillo Sánchez | |
| 938 |
_aBaker and Taylor _bBTCP _nbl2001013321 |
||
| 938 |
_aYBP Library Services _bYANK _n2693292 |
||
| 938 |
_aBaker & Taylor _bBKTY _c23.95 _d23.95 _i9688534668 _n0003798338 _sactive |
||
| 942 |
_2lcc _cbk |
||
| 994 |
_aC0 _bDRFGD |
||
| 946 | _almm | ||
| 999 |
_c103565 _d103565 |
||